000 00425nam a2200157Ia 4500
008 151213s9999 xx 000 0 und d
100 _aAbu Taher Mojumder
245 _aGlimpses into Eighteenth Century Critical Thoughts
_cAbu Taher Mojumder
250 _a1st
260 _aDhaka
_bShahriaz Hossain
_c1980
300 _a4309 p.
650 _aCriticism
650 _aEnglish
700 _aAbu Taher Mojumder
999 _c2723
_d2723